000 00694nam a2200253Ia 4500
003 OSt
005 20220925230715.0
006 a|||||r|||| 00| 0
007 ta
008 220923b |||||||| |||| 00| 0 eng d
020 _a1856499057
037 _cGeneral Book
040 _aRTL
_cRTL
_beng
041 _2eng
_aeng
082 _aU6715, P1
100 _aPetrella Riccardo
_9294189
245 0 _aWater manifesto
_b Arguments for a world water cont
260 _aLondon
_bZed Books U K
_c2001
300 _a135p.
_ccm.
500 _aGlobal Issues Title
650 _aGeography
942 _hU6715, P1
_cGB
_2CC
999 _c586397
_d586397